Problem Solving and Program Design in C (Record no. 3634)

MARC details
000 -LEADER
fixed length control field 00355nam a2200145Ia 4500
008 - FIXED-LENGTH DATA ELEMENTS--GENERAL INFORMATION
fixed length control field 191201s2009 xx 000 0 und d
020 ## - INTERNATIONAL STANDARD BOOK NUMBER
International Standard Book Number 9788131724453
082 ## - DEWEY DECIMAL CLASSIFICATION NUMBER
Classification number 005.133
Item number HAP
100 ## - MAIN ENTRY--PERSONAL NAME
Personal name HANLY, Jeri R.
245 #0 - TITLE STATEMENT
Title Problem Solving and Program Design in C
260 ## - PUBLICATION, DISTRIBUTION, ETC. (IMPRINT)
Place of publication, distribution, etc N.Delhi
Name of publisher, distributor, etc Pearson
Date of publication, distribution, etc 2009
300 ## - PHYSICAL DESCRIPTION
Extent 920
650 ## - SUBJECT ADDED ENTRY--TOPICAL TERM
Topical term or geographic name as entry element MCA
942 ## - ADDED ENTRY ELEMENTS (KOHA)
Source of classification or shelving scheme Dewey Decimal Classification
Koha item type Text Books
Holdings
Withdrawn status Lost status Source of classification or shelving scheme Damaged status Not for loan Collection code Home library Current library Date acquired Source of acquisition Cost, normal purchase price Bill Number Total Checkouts Full call number Acc. no. / Barcode Date last seen Bill Date Koha item type
    Dewey Decimal Classification     MCA PIET C-LIBRARY PIET C-LIBRARY 18/12/2008 J B C, New Delhi 399.00 SI-4643   005.133 HAP 10260 04/12/2019 11/12/2008 Text Books
    Dewey Decimal Classification     MCA PIET C-LIBRARY PIET C-LIBRARY 18/12/2008 J B C, New Delhi 399.00 SI-4643   005.133 HAP 10261 04/12/2019 11/12/2008 Text Books
    Dewey Decimal Classification     Computer Science & Engineering in Cyber Security PIET C-LIBRARY PIET C-LIBRARY 18/12/2008 J B C, New Delhi 399.00 SI-4643   005.133 HAP 10262 04/12/2019 11/12/2008 Text Books
    Dewey Decimal Classification     Computer Science and Engineering in AI & Machine Learning PIET C-LIBRARY PIET C-LIBRARY 18/12/2008 J B C, New Delhi 399.00 SI-4643   005.133 HAP 10263 04/12/2019 11/12/2008 Text Books
    Dewey Decimal Classification     Computer Science and Engineering in AI & Machine Learning PIET C-LIBRARY PIET C-LIBRARY 18/12/2008 J B C, New Delhi 399.00 SI-4643   005.133 HAP 10264 04/12/2019 11/12/2008 Text Books

Design & Developed by: PIET Central Library
R70 Miles Stone Pattikalyana Samalkha Panipat 132102
mail ID :- [email protected], Phone No:- 0180-2569700 Ex.216